000
00453nam a2200181Ia 4500
008
151202s9999||||xx |||||||||||||| ||und||
082
_b
PNVM-28078
100
_a
पै शिरीष.
245
_a
हृदयरंग.
260
_b
---
260
_c
0
300
_a
0
600
_a
पै शिरीष.
630
_a
हृदयरंग.
700
_a
पै शिरीष.
730
_a
हृदयरंग.
942
_c
BOOK
999
_c
1294046
_d
1294043